000
00284nam a22001337a 4500
008
180117b xxu||||| |||| 00| 0 eng d
020
_a
9780764564468
041
_a
eng
080
_a
070
100
_a
40
101
_a
MED
245
_a
New england 2002
_c
Fromer's
942
_2
udc
_c
BK
999
_c
40390
_d
40390